000 02079 a2200229 4500
001 26775
005 20260407155545.0
008 260407a1999 arg spa d
003 AR-UNSa-BCEJYS
040 _aAR-UNSa-BCEJYS
_bspa
_cAR-UNSa-BCEJYS
080 _a658.8
_xOrganización de mercados. Marketing. Ventas. Distribución
245 1 0 _aMarketing
_pconceptos y estrategias
020 _a84-368-1398-7
250 _a4a. ed.
264 1 _aMadrid :
_bEdiciones Pirámide
_c1999
300 _a1085 p.
_c24 cm.
505 _a1º Parte : Fundamentos: 1. Introducción y conceptos básicos - 2. La dirección comercial - 2º Parte: Análisis comercial 3. El mercado y el entorno - 4. La demanda - 5. Segmentación del mercado - 6. Comportamiento del consumidor - 7. Comportamiento de las compra de las organizaciones - 8. El sistema de información y la investigación comercial - 3º Parte: Estrategia de marketing : 9. Decisiones sobre el producto (I): Concepto de producto y marca - 10. Decisiones sobre el producto(II): desarrollo y evolución del producto - 11. Decisiones sobre el precio - 12. Decisiones sobre distribución (I).El sistema de distribución - 13. Decisiones sobre distribución (II): Formas y estructuras de distribución - 14. Decisiones sobre distribución(III) : Logística de la distribución - 15. Decisiones sobre promoción/ comunicación (I): Venta personal y marketing directo - 16. Decisiones sobre promoción/comunicación(II): Publicidad, relaciones públicas -y promoción de ventas - 17. El programa comercial: planificación, organización y control de la estrategia de marketing - 4ª Parte: Marketing especial - 18. Marketing industrial(marketing de empresa a empresa) - 19. Marketing de servicios - 20. Marketing internacional - 21. Marketing no empresarial - 5º Parte: Marketing y sociedad : 22. Macromarketing: marketing y sociedad.
942 _cBK
590 _aniveau_biblio:m niveau_hierar:0
100 1 _aSantesmases Mestre, Miguel
856 4 1 _uhttps://170.210.207.44/pmb/images/libros/L85492.jpg
_yImagen de portada
_qimage/jpeg
999 _c1498
_d1498